000 00860nas a2200265 4500
001 BR0202332
003 BR-BrBNA
005 20231205102943.0
007 ta
008 230509b bl.|||p| |||| 00| 00por d
040 _aBR-BrBNA
_bpor
_cBiblioteca Nacional de Agricultura
041 _a(Pt)
072 _aF03
100 1 _aBezerra Neto, F.
100 1 _aNunes, G.H.S.
100 1 _aNegreiros, M.Z. de
245 1 _aAvaliação de procedimentos de comparações múltiplas em trabalhos publicados na revista Horticultura Brasileira de 1983 a 2000
650 _aSEMENTE
650 _aTESTE DE SEMENTES
650 _aTRATAMENTO DE SEMENTE
650 _aMÉTODO ESTATÍSTICO
773 0 _tHorticultura Brasileira (Brazil)
_xISSN 0102-0536
_g(Mar 2002), v. 20(1) p. 5-9
_wBR0202332
909 _a202311
_bLúcia
_c55
_dLúcia Elande
942 _2AGRIS
_n0
_cANA
999 _c170248
_d170248